Análisis de la interacción didáctica

Saved in:
Bibliografiske detaljer
Hovedforfatter: Flanders, Ned A (Author)
Format: Bog
Sprog:spansk
Udgivet: Madrid Anaya 2 1977
Serier:Ciencias de la Educación
Fag:
Tags: Tilføj Tag
Ingen Tags, Vær først til at tagge denne postø!

MARC

LEADER 00000nam a2200000 a 4500
001 UCW7806
003 CL-VaPUC
008 930906e19770000SP |||||||||||||||||spa|d
082 0 4 |a 370.71  |b FLA  |2 21 
100 0 |a Flanders, Ned A  |e author  |9 313028 
245 1 0 |a Análisis de la interacción didáctica 
300 |a 568 p 
942 |c BK 
945 |d 19930906 00:00:00 
260 |a Madrid  |b Anaya 2  |c 1977 
650 0 |a Formación profesional de profesores  |9 307493 
583 |a last modification  |c 19930906 00:00:00  |k Rodrigo Vera 
490 0 |a Ciencias de la Educación 
999 |c 220467  |d 220465 
952 |0 0  |1 0  |4 0  |6 370_710000000000000_FLA_1977  |7 0  |8 P  |9 212724  |a BIBEDU  |b BIBEDU  |c BIBEDU_PB  |d 2019-11-15  |i 2808919  |o 370.71 FLA 1977  |p 2808919  |r 2024-01-25  |w 2019-11-15  |y BK  |k EDU 
952 |0 0  |1 0  |4 0  |6 370_710000000000000_FLA_1977  |7 0  |8 P  |9 212725  |a BIBEDU  |b BIBEDU  |c BIBEDU_PB  |d 2019-11-15  |i 2808927  |o 370.71 FLA 1977  |p 2808927  |r 2024-01-25  |w 2019-11-15  |y BK  |k EDU 
952 |0 0  |1 0  |4 0  |6 370_710000000000000_FLA_1977  |7 0  |8 P  |9 212726  |a BIBEDU  |b BIBEDU  |c BIBEDU_PB  |d 2019-11-15  |i 2808935  |o 370.71 FLA 1977  |p 2808935  |r 2024-01-25  |w 2019-11-15  |y BK  |k EDU 
952 |0 0  |1 0  |4 0  |6 370_710000000000000_FLA_1977  |7 0  |8 P  |9 212727  |a BIBEDU  |b BIBEDU  |c BIBEDU_PB  |d 2019-11-15  |i 2808943  |o 370.71 FLA 1977  |p 2808943  |r 2024-01-25  |w 2019-11-15  |y BK  |k EDU 
952 |0 0  |1 0  |4 0  |6 370_710000000000000_FLA_1977  |7 0  |8 P  |9 212728  |a BIBEDU  |b BIBEDU  |c BIBEDU_PB  |d 2019-11-15  |i 2808951  |o 370.71 FLA 1977  |p 2808951  |r 2024-01-25  |w 2019-11-15  |y BK  |k EDU